000
00250nam a2200109Ia 4500
005
20251222114403.0
008
251222s1900||||xx |||||||||||||| ||spa||
082
_a
DVD0110/K11/1998
245
0
_a
Los Simpsons
264
_b
20th century fox
942
_c
DVD
999
_c
1724
_d
1724